000 00567nam a2200205Ia 4500
003 GCL
008 140319s9999 xx 000 0 eng d
040 _aGCL /
_cGCL
082 0 4 _a616.12
_bG P
100 1 _aGOLDMAN, MERVIN J.
245 1 0 _aPRINCIPLES OF CLINICAL ELECTROCAXDIOGROPHY /
_cGOLDMAN, MERVIN J.
700 1 _aGOLDSCHLAGER, NORA
260 _a[S.N] :
_bLIBRAIRIE DU LIBAN ،
_c1989
300 _a356 P
490 _aALANGE MEDICAL BOOK
_v0
650 0 4 _aCARDIOLOGY
650 0 4 _aCLINICAL MEDICINE
650 0 4 _aELECTROCARDIOGRAM
942 _2ddc
_cBK
999 _c20458
_d20458